01356nam a2200217Ia 4500003000900000005001700009008004100026040003100067040001300098041000800111100002200119100000900141245011100150250000600261260004500267260000900312300001100321300001000332490000600342520079000348IT-RoPAU20220918175746.0120407s9999 xx 000 0 und d aIT-RoPAUc20130205095605.0 cIT-RoPAU aita aChiesa Francesco  ccan. aLa stella della pace. bBrevi spiegazioni popolari dei quattro documenti del Pontefice Pio XII sulla pace aI aAlbabPSSP per l'apostolato stampac1943 c1943 a206 p. c18 cm vI aIndice Parte prima I cinque presupposti della pace Il fatto della guerra Le cause della guerra Rimedio Termine del messaggio Parte seconda Pacificazione e ordine interno delle nazioni Senso del Messaggio natalizio Ordine sociale Convivenza nella tranquillità€ La grande crociata Parte terza Le cinque vittorie Vittorie e presupposti Ordine nuovo Le cause dell'aspirazione all'ordine nuovo Atteggiamento della Chiesa di fronte all'ordine nuovo Erudimini qui judicatis terram Effetti dell'ascoltare la parola del papa I.a Vittoria : Sull'odio II.a Vittoria : Sulla sfiducia internazionale III.a Vittoria : Sul principio dell'utilitarismo e della forza IV.a Vittoria : Sulle divergenze economiche V.a Vittoria : Sullo spirito di egoismo Preghiamo Avvertimento